000 01143nam a2200337 i 4500
001 bg
003 BPK
005 20200508132901.0
008 981026s1986 pl a f |001 0 pol
015 _aPB 1986/3758
020 _a8301021950
020 _a8301021969
020 _a8301021977
040 _aWA N
_cBPK
041 1 _apol
_hrus
080 _a53
080 _a(07)
100 1 _aLandau, Lew
_d(1908-1968)
_eAutor
245 1 0 _aKrótki kurs fizyki teoretycznej.
_nT. 2,
_pMechanika kwantowa /
_cL. D. Landau i E. M. Lifszyc ; [tł. Jędrzej Jędrzejewski].
246 1 _iTyt. oryg.:
_aKratkij kurs teoretičeskoj fiziki.
246 3 0 _iMechanika kwantowa
250 _aWyd. 4.
260 _aWarszawa :
_bPańst. Wydaw. Naukowe,
_c1986.
300 _a2 t. (289 ; 348 s.) :
_brys., wykr. ;
_c21 cm.
504 _aIndeks.
650 4 _aMechanika kwantowa
700 1 _aJędrzejewski, Kazimierz
_d(1937- ).
_eTłumaczenie
700 1 _aLifszyc, Jewgienij
_d(1915-1985)
_eAutor
856 _uhttp://koha.tu.koszalin.pl/cgi-bin/koha/opac-detail.pl?biblionumber=23063
_yKatalog online BPK
942 _2UKD
_cKS
999 _c23063
_d23063